Otel·lo / William Shakespeare ; traducció de Josep M. de Sagarra
Descripción Física:
180 p. ; 17 cm
Otros Autores:
Sagarra, Josep M. de, 1894-1961
MARC
| LEADER | 00000nam a2200000Ia 4500 | ||
|---|---|---|---|
| 001 | 11372 | ||
| 008 | 160829s1996 xx 000 0 cat d | ||
| 080 | |a L-1-171 | ||
| 100 | 1 | |a Shakespeare, William, |d 1564-1616 |9 29098 | |
| 245 | |a Otel·lo / William Shakespeare ; traducció de Josep M. de Sagarra | ||
| 250 | |a 2a ed. | ||
| 260 | |a Barcelona : |b Institut del Teatre. Diputació de Barcelona, |c 1996 | ||
| 300 | |a 180 p. ; |c 17 cm | ||
| 490 | |a Col·lecció Popular de Teatre Clàssic Universal ; 2 | ||
| 700 | 1 | |a Sagarra, Josep M. de, |d 1894-1961 |e traductor |9 56454 | |
| 710 | 1 | |a Institut del Teatre (Barcelona, Catalunya) |9 52662 | |
| 901 | |a Arxiu | ||
| 942 | |n 1 |2 udc | ||
| 952 | |0 0 |1 0 |4 0 |6 L1171 |7 1 |9 48166 |a Arxiu |b Arxiu |d 2016-12-01 |l 0 |o L-1-171 |p 11372 |r 2016-12-01 00:00:00 |w 2016-12-01 |y ARXIU | ||
| 999 | |c 51969 |d 51969 | ||